| 000 | 00812nam a2200265 i 4500 | ||
|---|---|---|---|
| 003 | DO-SdBNP | ||
| 005 | 20230414114529.0 | ||
| 007 | ta | ||
| 008 | 230414b2013 dr a|||| |||| 00| 0 spa d | ||
| 020 | _a9789945465587 | ||
| 040 |
_aDO-SdBNP _bspa _cBNPHU _erda |
||
| 082 | 4 | _222 | |
| 245 | 0 | 0 |
_aRomances y poemas de Juan Pablo Duarte / _cedición Daniel Torres Mata |
| 264 |
_aSanto Domingo : _bediciones CP, _c2013. |
||
| 300 |
_a111 p. : _bilustraciones ; _c21 cm. |
||
| 336 |
_2rdacontent _atexto _btxt |
||
| 337 |
_2rdamedia _asin mediación _bn |
||
| 338 |
_2rdacarrier _avolumen _bnc |
||
| 490 | 0 | _aClásicos dominicanos | |
| 500 | _aIncluye notas al pie de las páginas | ||
| 590 | _aInventariado, 2023/BT | ||
| 700 |
_aTorres Mata, Daniel, _eedición _982495 |
||
| 910 | _aBtavárez | ||
| 942 |
_2ddc _cLBS1 |
||
| 999 |
_c53260 _d53260 |
||